Володар світла (Запис № 16661)

000 -Маркер запису
Контрольне поле сталої довжини 02139nam a22002537a 4500
003 - Належність контрольного номера
Контрольне поле Uzh_bibl
008 - Кодовані дані
Контрольне поле сталої довжини 260202b |||||||| |||| 00| 0 ukr d
020 ## - Індекс ISBN
ISBN 978-617-12-4524-2
Ціна 178.00
040 ## - Джерело каталогіз.
Код мови каталог. укр.
041 ## - Код мови видання
Код мови оригіналу англійська
Код мови тексту українська
080 ## - Індекс УДК
Індекс УДК 821(73)
090 ## - Шифри
Поличний індекс 821(73)
Авторський знак Ж 52
100 ## - Автор
Автор Желязни,Роджер
245 ## - Назва
Назва Володар світла
Відповідальність пер.з англ.Д.Дьоміна
Фізичний носій Текст
260 ## - Вихідні дані
Місце видання Харків
Видавництво Книжковий Клуб"Клуб Сімейного Дозвілля"
Дата видання 2019
300 ## - Фізичний опис
Обсяг 320 с.
Тип одиниці В опр.
520 ## - Анотація
Анотація Коли Земля загинула, все змінилося. І люди проголосили себе богами. Екіпаж космічного корабля «Зоря Індії» прибуває на планету іншої зіркової системи, де панує незнайоме землянам життя. Майже всіх тубільців було винищено, і екіпаж «Зорі Індії» проголосив себе новими богами цієї далекої планети. Безсмертні, володарі безмежного технічного прогресу, вони мешкають в Місті Небесному, тоді як звичайні люди животіють у бідних середньовічних містах.<br/><br/>Але серед богів знаходяться «прометеї», які прагнуть нести вогонь прогресу цим простим, небожественним істотам. Та кожен, хто намагатиметься це зробити, прогніває богів. І не врятується жоден. Окрім тих, хто не втратив у собі людину…
521 ## - Примітка про цільове призначення
Примітка про цільове призначення Для широкого кола читачів
546 ## - Примітка про мову
Примітка про мову укр.
650 ## - Тематичні рубрики
Основна рубрика Літературно-художне видання
653 ## - Ключові слова
Ключові слова Космічний корабль
-- Планета
-- Тубільці
655 ## - Термін індексування — жанр/форма
Жанр/форма Фантастика
Типове ділення роман
942 ## - ADDED ENTRY ELEMENTS (KOHA)
Джерело класифікації чи схема поличного розташування
Koha item type Книги
Фонди
Статус вилучення Статус втрати/відсутності Джерело класифікації чи схема поличного розташування Статус пошкодження Тип обігу (не для випозичання) Постійне розташування Поточне розташування Розташування у відділі Дата надходження Інвентарний номер Total Checkouts Штрих-код Date last seen Дата, для якої чинна ціна заміни Тип одиниці (рівень примірника)
          Публічна бібліотека Публічна бібліотека Абонемент 02/02/2026 72278   19102 02/02/2026 02/02/2026 Книги

Працює на АБІС Коха